U.S. forecast report (Record no. 119291)
[ view plain ]
| 000 -LEADER | |
|---|---|
| fixed length control field | 01178cas a22002535 4500 |
| 001 - CONTROL NUMBER | |
| control field | L152085 |
| 008 - FIXED-LENGTH DATA ELEMENTS--GENERAL INFORMATION | |
| fixed length control field | 111107c2010 xxuqr ws s 0 a0eng u |
| 035 ## - SYSTEM CONTROL NUMBER | |
| System control number | (Sirsi) u152085 |
| 041 0# - LANGUAGE CODE | |
| Language code of text/sound track or separate title | eng |
| 050 ## - LIBRARY OF CONGRESS CALL NUMBER | |
| Classification number | 333.33 $2 18 |
| 110 2# - MAIN ENTRY--CORPORATE NAME | |
| Corporate name or jurisdiction name as entry element | Grubb & Ellis |
| 9 (RLIN) | 5905 |
| 245 00 - TITLE STATEMENT | |
| Title | U.S. forecast report |
| Medium | [electronic resource] |
| 260 ## - PUBLICATION, DISTRIBUTION, ETC. | |
| Place of publication, distribution, etc. | [S.l.] |
| Name of publisher, distributor, etc. | Grubb & Ellis |
| Date of publication, distribution, etc. | 2010 |
| 362 0# - DATES OF PUBLICATION AND/OR SEQUENTIAL DESIGNATION | |
| Dates of publication and/or sequential designation | Current year only |
| 490 #0 - SERIES STATEMENT | |
| Series statement | Grubb & Ellis U.S. Forecast Report |
| Volume/sequential designation | 2011 |
| 505 0# - FORMATTED CONTENTS NOTE | |
| Formatted contents note | Overview -- Office -- Industrial -- Retail -- Investment -- Multi housing -- Hospitality -- Senior housing -- Medical office -- Selected specialities -- Company profile -- Grubb & Ellis research -- Office Directory -- Contributors and sources |
| 520 ## - SUMMARY, ETC. | |
| Summary, etc. | Forecasts US real estate performance for 2011 providing a national overview and analyses of the main sectoral and speciality markets. |
| 554 ## - | |
| -- | Annual |
| 650 24 - SUBJECT ADDED ENTRY--TOPICAL TERM | |
| Topical term or geographic name entry element | GRUBB & ELLIS U.S. FORECAST REPORT |
| 651 #4 - SUBJECT ADDED ENTRY--GEOGRAPHIC NAME | |
| Geographic name | United States |
| Chronological subdivision | 1959- |
| 690 ## - LOCAL SUBJECT ADDED ENTRY--TOPICAL TERM (OCLC, RLIN) | |
| Topical term or geographic name as entry element | PROPERTY-COMMERCIAL PROPERTY-COMMERCIAL PROPERTY MARKET |
| 856 48 - ELECTRONIC LOCATION AND ACCESS | |
| Uniform Resource Identifier | <a href="https://www.grubb-ellis.com/Forecast2011/Default.htm">https://www.grubb-ellis.com/Forecast2011/Default.htm</a> |
| Public note | View the forecast free of charge at www.grubb-ellis.com |
| 942 ## - ADDED ENTRY ELEMENTS (KOHA) | |
| Suppress in OPAC | 0 |
| Withdrawn status | Lost status | Source of classification or shelving scheme | Damaged status | Not for loan | Home library | Current library | Shelving location | Date acquired | Total Checkouts | Full call number | Barcode | Date last seen | Copy number | Price effective from | Koha item type |
|---|---|---|---|---|---|---|---|---|---|---|---|---|---|---|---|
| Dewey Decimal Classification | Virtual | Virtual | Online | 31/01/2011 | ONLINE PUBLICATION | 152085-2001 | 06/08/2019 | 1 | 06/08/2019 | Book |